000 01055nam a22002297a 4500
003 OSt
005 20250827101717.0
008 240305b ||||| |||| 00| 0 eng d
040 _c0
082 _aDPer 621.317 Ie21 July 2022 v. 37 n. 7
100 _aHeydari-doostabad, Hamed.
_eauthor.
_954006
245 _aThree-switch common ground step-down and step-up single-stage grid-connected PV inverter /
_cHamed Heydari-doostabad, Maryam Pourmahdi, Mohammad Jafarian, Andrew Keane, and Terence O'Donnell.
260 _aNew York ;
_bThe Institute of Electrical and Electronics Engineers, Inc. ,
_cJuly 2022.
300 _avolume 37, pages 7577-7589 :
_billustration ;
_c28 cm.
500 _aIEEE Transaction on Power Electronics Society, vol. 37, no. 7, pages 7577-7589 ,July 2022.
700 _aHeydari-doostabad, Hamed.
_eauthor.
_954006
700 _aPourmahdi, Maryam.
_eauthor.
_954007
700 _aJafarian, Mohammad.
_eauthor.
_954008
700 _aKeane, Andrew.
_eauthor.
_954009
700 _aO'Donnell, Terence.
_eauthor.
_954010
942 _2ddc
_cPER
999 _c19528
_d19528